000 00898nmm a2200277 a 4500
001 ocm0001256872
003 TR-IsHL
005 20201028160555.0
008 160715s2016 tu eng
007 cr cn
020 _a9786059285759
035 _a1256872
_b(N$T)
050 0 4 _aM1990
_b.H65 2016
090 0 4 _aM1990
_b.H65 2016
100 1 _aHoldsworth, Mary
245 1 0 _aSing a song of sixpence
_h[electronic resource] /
_cMary Holdsworth ; illustrated by Meltem Beste Kargoz
260 _aİstanbul :
_bE-Kitap Projesi,
_c2016
300 _a43 p.
650 4 _aMüzik
650 4 _aMusic
650 0 _aÇocuk şarkıları, İngiliz
650 0 _aChildren's songs, English
650 7 _aMUSIC / Genres & Styles / Children's
_2bisacsh
700 1 _aKargoz, Meltem Beste
856 4 0 _uhttp://search.ebscohost.com/login.aspx?direct=true&scope=site&db=e011xww&AN=1256872
999 _c13674
_d13674